[Event "Champigny sur Marne op 6th"]
[White "Ton, Stephane"]
[Black "Fima, Jean"]
[Site "Champigny sur Marne"]
[Round "4"]
[Result "1/2-1/2"]
[Date "2006.02.18"]
[WhiteElo "1810"]
[BlackElo "1530"]
[PlyCount "48"]
[EventDate "2006.02.16"]
[EventType "swiss"]
[EventRounds "6"]
[EventCountry "FRA"]
[SourceTitle "EXT 2007"]
[Source "ChessBase"]
[SourceDate "2006.11.23"]
[SourceVersion "1"]
[SourceVersionDate "2006.11.23"]
[SourceQuality "1"]

1. e4 e5 2. Nf3 Nc6 3. Bb5 a6 4. Ba4 Nf6 5. 0-0 Be7 6. Re1 0-0 7. d4 b5 8. Bb3 d6 9. c3 Bg4 10. d5 Na5 11. Bc2 c5 12. Nbd2 Nb7 13. Nf1 c4 14. h3 Bh5 15. Ng3 Bg6 16. Bg5 Nh5 17. Bxe7 Qxe7 18. Nf5 Qd8 19. Kh2 Nf6 20. N3h4 Nc5 21. Qd2 a5 22. Qe3 Kh8 23. g4 Kg8 24. Qg3 Re8 1/2-1/2

[Event "Champigny sur Marne op"]
[White "Chiche, Jonathan"]
[Black "Ton, Stephane"]
[Site "Champigny sur Marne"]
[Round "1"]
[Result "1/2-1/2"]
[Date "2005.03.??"]
[WhiteElo "1410"]
[BlackElo "1610"]
[PlyCount "72"]
[EventDate "2005.03.??"]
[EventType "swiss"]
[EventRounds "7"]
[EventCountry "FRA"]
[SourceTitle "EXT 2007"]
[Source "ChessBase"]
[SourceDate "2006.11.23"]
[SourceVersion "1"]
[SourceVersionDate "2006.11.23"]
[SourceQuality "1"]

1. d4 f5 2. c4 e6 3. Nf3 Nf6 4. Nc3 b6 5. e3 Bb7 6. Bd3 g6 7. b3 Bg7 8. Bb2 d6 9. Bc2 Nbd7 10. Rb1 a6 11. 0-0 Qe7 12. Re1 g5 13. Nxg5 h6 14. Nh3 Rg8 15. Nf4 Bh8 16. f3 Qg7 17. Qe2 Kf7 18. e4 fxe4 19. Nxe4 Nxe4 20. Bxe4 Bxe4 21. fxe4 Qg5 22. Qh5+ Ke7 23. Qxg5+ Rxg5 24. g3 Rf8 25. Rf1 Nf6 26. e5 dxe5 27. dxe5 Ne4 28. Nh3 Rgf5 29. Rxf5 Rxf5 30. Re1 Nd2 31. Re2 Nf3+ 32. Kg2 Ng5 33. Nxg5 hxg5 34. g4 Rf8 35. Kg3 Rf1 36. Kg2 Rf8 1/2-1/2